<?xml version="1.0" encoding="UTF-8"?>
<record
    xmlns:xsi="http://www.w3.org/2001/XMLSchema-instance"
    xsi:schemaLocation="http://www.loc.gov/MARC21/slim http://www.loc.gov/standards/marcxml/schema/MARC21slim.xsd"
    xmlns="http://www.loc.gov/MARC21/slim">

  <leader>01024nam a2200193 a 4500</leader>
  <controlfield tag="008">161226t2007    ag  |||g |||| 000 0 spa d</controlfield>
  <datafield tag="020" ind1=" " ind2=" ">
    <subfield code="a">9789507531316</subfield>
  </datafield>
  <datafield tag="092" ind1=" " ind2=" ">
    <subfield code="c">823</subfield>
    <subfield code="l">8</subfield>
    <subfield code="s">BOW</subfield>
  </datafield>
  <datafield tag="100" ind1="1" ind2=" ">
    <subfield code="a">Bowler, Tim</subfield>
    <subfield code="9">3093</subfield>
  </datafield>
  <datafield tag="245" ind1=" " ind2="3">
    <subfield code="a">El chico del r&#xED;o /</subfield>
    <subfield code="c">Tim Bowler</subfield>
  </datafield>
  <datafield tag="250" ind1=" " ind2=" ">
    <subfield code="a">1a ed. 1a reimp.</subfield>
    <subfield code="b">Traducci&#xF3;n Valeria Castell&#xF3;-Joubert</subfield>
  </datafield>
  <datafield tag="260" ind1=" " ind2=" ">
    <subfield code="a">Buenos Aires:</subfield>
    <subfield code="b">C&#xE1;ntaro;</subfield>
    <subfield code="c">2007.</subfield>
  </datafield>
  <datafield tag="300" ind1=" " ind2=" ">
    <subfield code="a">172 p.</subfield>
  </datafield>
  <datafield tag="500" ind1=" " ind2=" ">
    <subfield code="a">Bowler, T. (2007). El chico del r&#xED;o. (1a ed.). Buenos Aires : C&#xE1;ntaro.</subfield>
  </datafield>
  <datafield tag="505" ind1=" " ind2=" ">
    <subfield code="a">El abuelo de Jessica est&#xE1; enfermo, pero se niega a permanecer en el hospital. Est&#xE1; decidido a concluir su pintura del chico del r&#xED;o aunque sea lo &#xFA;ltimo que haga. Jessica no comprende bien su empecinamiento, pero pronto ella tambi&#xE9;n se ve atrapada por la enigm&#xE1;tica pintura. Entonces conoce al chico del r&#xED;o en persona y sabe que existe un desaf&#xED;o que debe completar antes de que sea demasiado tarde. </subfield>
  </datafield>
  <datafield tag="590" ind1=" " ind2=" ">
    <subfield code="a">Donacion Marcela Debener. Proyecto 4to libro 2016</subfield>
  </datafield>
  <datafield tag="655" ind1=" " ind2=" ">
    <subfield code="a">Novela</subfield>
    <subfield code="9">3091</subfield>
  </datafield>
  <datafield tag="942" ind1=" " ind2=" ">
    <subfield code="2">ddc</subfield>
    <subfield code="c">LIT</subfield>
  </datafield>
  <datafield tag="999" ind1=" " ind2=" ">
    <subfield code="c">2279</subfield>
    <subfield code="d">2279</subfield>
  </datafield>
  <datafield tag="952" ind1=" " ind2=" ">
    <subfield code="0">0</subfield>
    <subfield code="1">0</subfield>
    <subfield code="2">ddc</subfield>
    <subfield code="4">0</subfield>
    <subfield code="7">0</subfield>
    <subfield code="8">FIC</subfield>
    <subfield code="a">BFM</subfield>
    <subfield code="b">BFM</subfield>
    <subfield code="c">CR</subfield>
    <subfield code="d">2016-12-26</subfield>
    <subfield code="e">Donacion Marcela Debener, 2016</subfield>
    <subfield code="l">2</subfield>
    <subfield code="m">2</subfield>
    <subfield code="o">823 8 BOW</subfield>
    <subfield code="p">3736</subfield>
    <subfield code="r">2024-10-07</subfield>
    <subfield code="s">2024-08-16</subfield>
    <subfield code="t">Ej. 1</subfield>
    <subfield code="w">2016-12-26</subfield>
    <subfield code="y">LIT</subfield>
    <subfield code="z">Proyecto 4to libro. Donaci&#xF3;n Debener, Marcela</subfield>
  </datafield>
</record>
